000 00455nam a2200169Ia 4500
008 240729s9999 xx 000 0 und d
022 _a2379-6146
245 0 _aLearning Health Systems
260 _aUnited States
260 _bWiley
650 _a Medicine (General) | Medicine
650 _a Public aspects of medicine
650 _aMedicine
856 _uhttps://doaj.org/toc/71eb4ff9dbed489c8773b3e6d5568e25
942 _2ddc
942 _cDOAJEJ
999 _c72683
_d72683
945 _a1
_bMadushi Gamage
_c1
_dMadushi Gamage